[Event "Munich Pfingst op-A 1st"]
[Site "Munich"]
[Date "2023.06.01"]
[Round "2"]
[White "Parvanyan, Alfred"]
[Black "Zajogin, Alexander"]
[Result "1-0"]
[WhiteElo "2140"]
[BlackElo "2386"]
[PlyCount "69"]
[EventDate "2023.05.31"]
[EventType "swiss"]
[EventRounds "9"]
[EventCountry "GER"]
[SourceTitle "CBM 214 Extra"]
[Source "ChessBase"]
[SourceDate "2023.07.31"]
[SourceVersion "1"]
[SourceVersionDate "2023.07.31"]
[SourceQuality "1"]

1. Nf3 d5 2. g3 Nd7 3. d4 Ngf6 4. Bg2 c5 5. 0-0 cxd4 6. Nxd4 e5 7. Nb3 Nb6 8. Bg5 Be6 9. Nc3 Be7 10. e3 Ng8 11. Bxe7 Nxe7 12. Nc5 Qc8 13. Nxe6 Qxe6 14. a4 a5 15. Nb5 Rc8 16. e4 0-0 17. exd5 Nbxd5 18. Qe2 b6 19. Rfe1 Ng6 20. h4 f6 21. Rad1 Rfd8 22. Nd4 Qe8 23. Qg4 Nde7 24. h5 Nf8 25. Ne6 Nxe6 26. Qxe6+ Kf8 27. Qxb6 Rxd1 28. Rxd1 Qxh5 29. Rd7 Qe8 30. Qd6 Qh5 31. Qb6 Rxc2 32. Rd8+ Qe8 33. Rd7 Qh5 34. Rd8+ Kf7 35. Qb3+ 1-0

[Event "Hamburg Easter op"]
[Site "Hamburg"]
[Date "2023.04.10"]
[Round "7"]
[White "Parvanyan, Ashot"]
[Black "Parvanyan, Alfred"]
[Result "1-0"]
[WhiteElo "2429"]
[BlackElo "2125"]
[PlyCount "53"]
[EventDate "2023.04.07"]
[EventType "swiss"]
[EventRounds "7"]
[EventCountry "GER"]
[SourceTitle "EXT 2024"]
[Source "ChessBase"]
[SourceDate "2023.10.10"]
[SourceVersion "1"]
[SourceVersionDate "2023.10.10"]
[SourceQuality "1"]

1. d4 Nf6 2. c4 c5 3. d5 b5 4. cxb5 a6 5. bxa6 Bxa6 6. Nc3 d6 7. e4 Bxf1 8. Kxf1 Nbd7 9. Nf3 g6 10. g3 Bg7 11. Kg2 0-0 12. a4 Qa5 13. Bd2 Qa6 14. Qc2 Ng4 15. h3 Nge5 16. Nxe5 Nxe5 17. Nb5 Rfc8 18. f4 Nd7 19. Bc3 c4 20. h4 Nc5 21. h5 Nxa4 22. Nd4 Qb6 23. Nc6 Rxc6 24. dxc6 Qxc6 25. Bxg7 Kxg7 26. h6+ Kg8 27. b3 1-0

[Event "Itzehoe op"]
[Site "Itzehoe"]
[Date "2022.10.03"]
[Round "5"]
[White "Sickmann, Lisa"]
[Black "Parvanyan, Alfred"]
[Result "1-0"]
[WhiteElo "1854"]
[BlackElo "2188"]
[PlyCount "79"]
[EventDate "2022.10.01"]
[EventType "swiss"]
[EventRounds "5"]
[EventCountry "GER"]
[SourceTitle "CBM 210 Extra"]
[Source "ChessBase"]
[SourceDate "2022.11.30"]
[SourceVersion "1"]
[SourceVersionDate "2022.11.30"]
[SourceQuality "1"]

1. e4 g6 2. d4 Bg7 3. g3 d6 4. Bg2 Nf6 5. Ne2 0-0 6. 0-0 a5 7. a4 Na6 8. c3 c5 9. Bf4 cxd4 10. cxd4 Nb4 11. Nbc3 Rb8 12. Rc1 b6 13. Qd2 Ba6 14. Nb5 Bxb5 15. axb5 Ne8 16. Rfd1 Nc7 17. Nc3 Qe8 18. Qe2 e5 19. dxe5 dxe5 20. Be3 Qe7 21. Na4 Na8 22. Rd2 Qe6 23. Qd1 h5 24. b3 Rb7 25. Rd6 Qe8 26. Bf1 f5 27. Bxb6 Nxb6 28. Nxb6 fxe4 29. Rc8 Qe7 30. Rxf8+ Bxf8 31. Rxg6+ Bg7 32. Bc4+ Kf8 33. Qxh5 Qe8 34. Qf5+ Rf7 35. Bxf7 Qxf7 36. Qc8+ Ke7 37. Qd7+ Kf8 38. Qd8+ Qe8 39. Nd7+ Kf7 40. Rxg7+ 1-0

[Event "GER-ch 93rd"]
[Site "Magdeburg"]
[Date "2022.08.14"]
[Round "1"]
[White "Miller, Eduard"]
[Black "Parvanyan, Alfred"]
[Result "1/2-1/2"]
[WhiteElo "2353"]
[BlackElo "2151"]
[PlyCount "221"]
[EventDate "2022.08.14"]
[EventType "swiss"]
[EventRounds "9"]
[EventCountry "GER"]
[SourceTitle "CBM 209 Extra"]
[Source "ChessBase"]
[SourceDate "2022.09.30"]
[SourceVersion "1"]
[SourceVersionDate "2022.09.30"]
[SourceQuality "1"]

1. d4 Nf6 2. c4 c6 3. Nc3 d5 4. e3 g6 5. Nf3 Bg7 6. Ne5 0-0 7. Bd3 dxc4 8. Bxc4 Nbd7 9. f4 Nb6 10. Bb3 Nbd5 11. 0-0 Bf5 12. g4 Nxc3 13. bxc3 Be4 14. g5 Ne8 15. Nd3 Nd6 16. Nf2 Qd7 17. Qe2 Bf5 18. e4 Be6 19. Bb2 a5 20. Rac1 Bxb3 21. axb3 a4 22. e5 Nf5 23. b4 a3 24. Ba1 h6 25. Ne4 b6 26. Rcd1 b5 27. d5 cxd5 28. Nc5 Qc6 29. e6 f6 30. gxh6 Bxh6 31. Rd3 Kg7 32. Qf3 Rfd8 33. Rf2 Rac8 34. Ra2 d4 35. Qxc6 Rxc6 36. cxd4 Bxf4 37. Raxa3 Rh8 38. h3 Rd6 39. d5 Bc1 40. Ra7 Rhd8 41. Ne4 Rxe6 42. dxe6 Rxd3 43. Bxf6+ Kh6 44. Rd7 Rxd7 45. exd7 Be3+ 46. Kg2 Bb6 47. Bg5+ Kh5 48. Bf4 Kh4 49. Ng5 e5 50. Nf3+ Kh5 51. Bxe5 Ne3+ 52. Kg3 Nd5 53. Nd4 Nxb4 54. Bf6 Nd5 55. d8Q Bxd8 56. Bxd8 b4 57. Kf3 g5 58. Kg3 Kg6 59. Kg4 Ne3+ 60. Kf3 Nd5 61. Ke4 Nf4 62. h4 Nh3 63. hxg5 Nxg5+ 64. Kd3 Nf7 65. Bc7 Kf6 66. Kc4 Ng5 67. Bd8+ Kg6 68. Kxb4 Nf7 69. Be7 Nh6 70. Bc5 Nf5 71. Nf3 Kf6 72. Kc4 Ke6 73. Bb4 Nd6+ 74. Kc5 Ne4+ 75. Kd4 Nf6 76. Bd2 Nh7 77. Ne5 Nf6 78. Bg5 Nh7 79. Bh4 Nf6 80. Nd3 Kf5 81. Nc5 Ng4 82. Ne4 Ne5 83. Kd5 Ng6 84. Nd6+ Kf4 85. Bf6 Kf3 86. Bg5 Nf4+ 87. Ke5 Nd3+ 88. Kf5 Nf2 89. Nc4 Nd3 90. Nd2+ Ke2 91. Ke4 Nc5+ 92. Kd5 Nd3 93. Kd4 Ne1 94. Ke4 Nd3 95. Bh6 Nc5+ 96. Kd4 Nd3 97. Nc4 Nf2 98. Ne5 Nd1 99. Bf4 Nf2 100. Bg3 Nd1 101. Bh4 Nf2 102. Bg5 Nd1 103. Nd3 Nf2 104. Ne5 Nd1 105. Bc1 Nf2 106. Be3 Nd1 107. Bg1 Nf2 108. Kd5 Nd3 109. Nc4 Nf2 110. Kd4 Ng4 111. Ke4 1/2-1/2

[Event "GER-ch Net blitz sf"]
[Site "Playchess.com INT"]
[Date "2021.06.05"]
[Round "5"]
[White "Dahl, Christoph"]
[Black "Parvanyan, Alfred"]
[Result "1-0"]
[WhiteElo "2238"]
[BlackElo "2118"]
[PlyCount "59"]
[EventDate "2021.06.05"]
[EventType "swiss (blitz)"]
[EventRounds "13"]
[EventCountry "GER"]
[SourceTitle "EXT 2023"]
[Source "ChessBase"]
[SourceDate "2022.10.05"]
[SourceVersion "1"]
[SourceVersionDate "2022.10.05"]
[SourceQuality "1"]

1. e4 c5 2. Nf3 Nc6 3. d4 cxd4 4. Nxd4 Nf6 5. Nc3 e5 6. Ndb5 d6 7. Bg5 a6 8. Bxf6 gxf6 9. Na3 b5 10. Nd5 f5 11. c3 Bg7 12. exf5 Bxf5 13. Nc2 0-0 14. Nce3 Be6 15. Bd3 f5 16. Qh5 e4 17. Bc2 b4 18. 0-0 bxc3 19. bxc3 Qa5 20. Rad1 Rab8 21. Bb3 Kh8 22. f4 Rbd8 23. Kh1 Qc5 24. g4 fxg4 25. f5 Bf7 26. Qxg4 Na5 27. Qh4 Be5 28. Nf6 Bxf6 29. Qxf6+ Kg8 30. Rg1# 1-0

[Event "GER-ch Net blitz sf"]
[Site "Playchess.com INT"]
[Date "2021.06.05"]
[Round "7"]
[White "Parvanyan, Alfred"]
[Black "Fluechter, Gregor"]
[Result "1-0"]
[WhiteElo "2118"]
[BlackElo "2220"]
[PlyCount "125"]
[EventDate "2021.06.05"]
[EventType "swiss (blitz)"]
[EventRounds "13"]
[EventCountry "GER"]
[SourceTitle "EXT 2023"]
[Source "ChessBase"]
[SourceDate "2022.10.05"]
[SourceVersion "1"]
[SourceVersionDate "2022.10.05"]
[SourceQuality "1"]

1. d4 Nf6 2. Nf3 c5 3. g3 cxd4 4. Nxd4 Nc6 5. Bg2 g6 6. 0-0 Bg7 7. Nb3 0-0 8. c4 d6 9. Nc3 Be6 10. c5 d5 11. Bg5 d4 12. Nb5 Bd5 13. Bxd5 Nxd5 14. N5xd4 Nxd4 15. Nxd4 Qc7 16. Nb3 Rad8 17. Qc2 a5 18. a4 Nb4 19. Qe4 Bxb2 20. Qxe7 Qc6 21. Rab1 Bg7 22. Nxa5 Qxa4 23. Nxb7 Rd7 24. Rxb4 Qc6 25. Qe3 Rxb7 26. Rxb7 Qxb7 27. Rc1 Qc6 28. Bf4 Rc8 29. Bd6 Qd5 30. Qd3 Qc6 31. Rd1 h5 32. Qd5 Qa4 33. Qd3 Kh7 34. h4 Qc6 35. Qf3 Qd7 36. Rd3 Kg8 37. Be5 Qe6 38. Bxg7 Kxg7 39. Rc3 Rc6 40. Qe3 Qd5 41. Qd3 Rxc5 42. Rxc5 Qxc5 43. Kg2 Qc6+ 44. f3 Qc5 45. g4 Qa5 46. Qd4+ Kg8 47. Qf6 Qd2 48. Kf2 Qb4 49. gxh5 Qc5+ 50. Kg2 Qxh5 51. Qg5 Qh8 52. Qd8+ Kg7 53. Qxh8+ Kxh8 54. e4 Kg7 55. Kg3 Kf6 56. f4 Ke6 57. Kg4 Kf6 58. e5+ Ke6 59. Kg5 Kd5 60. Kf6 Ke4 61. Kxf7 Kxf4 62. Kxg6 Kxe5 63. h5 1-0

[Event "GER-ch Net blitz qual4"]
[Site "Playchess.com INT"]
[Date "2021.05.10"]
[Round "10"]
[White "Kille, Tobias"]
[Black "Parvanyan, Alfred"]
[Result "1-0"]
[WhiteElo "2360"]
[BlackElo "2021"]
[PlyCount "79"]
[EventDate "2021.05.10"]
[EventType "swiss (blitz)"]
[EventRounds "11"]
[EventCountry "GER"]
[SourceTitle "CBM 202 Extra"]
[Source "ChessBase"]
[SourceDate "2021.07.31"]
[SourceVersion "1"]
[SourceVersionDate "2021.07.31"]
[SourceQuality "1"]

1. d4 Nf6 2. c4 c5 3. d5 b5 4. cxb5 a6 5. bxa6 Bxa6 6. Nc3 d6 7. g3 g6 8. Bg2 Bg7 9. Nf3 0-0 10. Rb1 Nbd7 11. b3 Qa5 12. Bd2 Rfb8 13. 0-0 Qc7 14. Qc2 Bb7 15. Nh4 Nb6 16. e4 Ba6 17. Rfc1 Ng4 18. Nf3 Ne5 19. Nxe5 Bxe5 20. Be3 Qd7 21. a4 Bd4 22. Qd2 Bxe3 23. Qxe3 c4 24. a5 Nc8 25. b4 Na7 26. Bf1 Rc8 27. h4 Rab8 28. Kh2 h5 29. Bh3 e6 30. dxe6 fxe6 31. Nd5 Rf8 32. Nf4 Rbe8 33. Rd1 Kg7 34. Qb6 Bb5 35. Rxd6 Qf7 36. Bxe6 Qe7 37. Bd5 Rb8 38. Rxg6+ Kh7 39. Rh6+ Kg7 40. Qg6# 1-0

[Event "GER-ch Net blitz qual4"]
[Site "Playchess.com INT"]
[Date "2021.05.10"]
[Round "3"]
[White "Parvanyan, Alfred"]
[Black "Heinrich, Thomas"]
[Result "1/2-1/2"]
[WhiteElo "2021"]
[BlackElo "2125"]
[PlyCount "150"]
[EventDate "2021.05.10"]
[EventType "swiss (blitz)"]
[EventRounds "11"]
[EventCountry "GER"]
[SourceTitle "CBM 202 Extra"]
[Source "ChessBase"]
[SourceDate "2021.07.31"]
[SourceVersion "1"]
[SourceVersionDate "2021.07.31"]
[SourceQuality "1"]

1. Nf3 Nf6 2. c4 g6 3. Nc3 Bg7 4. e4 d6 5. d4 0-0 6. Be2 e5 7. 0-0 Nbd7 8. h3 Re8 9. dxe5 dxe5 10. Be3 c6 11. Qc2 Qe7 12. Rad1 Nf8 13. Rd2 Nh5 14. Rfd1 Be6 15. b4 Qxb4 16. c5 Qa5 17. Ng5 Nf4 18. Bf1 h6 19. Nxe6 N4xe6 20. Qb3 Qc7 21. Bc4 Rad8 22. Rd6 Nd4 23. Bxd4 exd4 24. Ne2 b6 25. Nxd4 bxc5 26. Rxd8 Rxd8 27. Nf3 Rxd1+ 28. Qxd1 Nd7 29. Qb3 Nb6 30. Be2 Qf4 31. Qc2 Qd6 32. g3 Bd4 33. Kg2 Kg7 34. a4 Nc8 35. a5 Ne7 36. Qb3 f5 37. exf5 Nxf5 38. Qb7+ Qe7 39. Qxe7+ Nxe7 40. Nd2 Kf6 41. Bf3 Nd5 42. Nc4 Ke6 43. a6 Ne7 44. Bg4+ Nf5 45. f4 Kd5 46. Na5 c4 47. Bf3+ Kc5 48. Nxc6 c3 49. Na5 Kb4 50. Nc6+ Kc4 51. Be2+ Kc5 52. Na5 Ne3+ 53. Kf3 Nd5 54. Nb3+ Kb6 55. Nxd4 Nb4 56. Bd1 Nxa6 57. g4 Kc5 58. Ke3 Nb4 59. f5 gxf5 60. gxf5 Nd5+ 61. Ke4 Nf6+ 62. Kd3 Kd5 63. Bf3+ Ke5 64. Kxc3 Nh7 65. Bg4 Ng5 66. Nc6+ Kf6 67. Nxa7 h5 68. Bxh5 Kxf5 69. Bg4+ Kf4 70. Nc6 Ne4+ 71. Kd4 Nf2 72. Be6 Kg3 73. Ne5 Nxh3 74. Ng6 Nf4 75. Nxf4 Kxf4 1/2-1/2

[Event "GER-ch Net blitz qual4"]
[Site "Playchess.com INT"]
[Date "2021.05.10"]
[Round "6"]
[White "Renner, Kai"]
[Black "Parvanyan, Alfred"]
[Result "0-1"]
[WhiteElo "1854"]
[BlackElo "2021"]
[PlyCount "132"]
[EventDate "2021.05.10"]
[EventType "swiss (blitz)"]
[EventRounds "11"]
[EventCountry "GER"]
[SourceTitle "CBM 202 Extra"]
[Source "ChessBase"]
[SourceDate "2021.07.31"]
[SourceVersion "1"]
[SourceVersionDate "2021.07.31"]
[SourceQuality "1"]

1. e4 d6 2. d4 Nf6 3. Nc3 e5 4. Nf3 Nbd7 5. Bc4 Be7 6. 0-0 0-0 7. Re1 c6 8. a4 Qc7 9. b3 Re8 10. h3 Nf8 11. Bb2 Ng6 12. dxe5 dxe5 13. Ne2 Nxe4 14. Nc3 Nxc3 15. Bxc3 Bf6 16. Qe2 Be6 17. Bxe6 Rxe6 18. a5 h6 19. Qe4 Rae8 20. g3 R6e7 21. Kg2 Rd7 22. h4 Rd5 23. Nd2 Qe7 24. Nc4 Qe6 25. Re3 Ne7 26. Rae1 Nf5 27. Rf3 Nd4 28. Bxd4 exd4 29. Qxe6 Rxe6 30. Rxe6 fxe6 31. Rd3 e5 32. f3 Kf7 33. Rd1 Bd8 34. Ra1 Bc7 35. Nd2 Rc5 36. Nc4 Ke6 37. Kf2 b5 38. axb6 axb6 39. Ra7 b5 40. Rxc7 bxc4 41. b4 Rb5 42. Rxc6+ Kd5 43. Rc7 Rxb4 44. Rd7+ Ke6 45. Rc7 Kd6 46. Rc8 Kd5 47. Ke2 Rb2 48. Kd1 Rb1+ 49. Ke2 Rg1 50. g4 Rg2+ 51. Kd1 Rf2 52. Rf8 Kc5 53. Rf5 Kd6 54. Rf7 g5 55. hxg5 hxg5 56. Rf5 Kd5 57. Kc1 c3 58. Kd1 Kc4 59. Rxe5 Rxf3 60. Rxg5 Rf1+ 61. Ke2 Rc1 62. Rg8 Rxc2+ 63. Kf3 d3 64. Rc8+ Kb3 65. g5 Re2 66. g6 Re7 0-1

[Event "GER-ch Net blitz qual2"]
[Site "Playchess.com INT"]
[Date "2021.05.04"]
[Round "10"]
[White "Parvanyan, Alfred"]
[Black "Ritscher, Jan Paul"]
[Result "0-1"]
[WhiteElo "1987"]
[BlackElo "1620"]
[PlyCount "104"]
[EventDate "2021.05.04"]
[EventType "swiss (blitz)"]
[EventRounds "11"]
[EventCountry "GER"]
[SourceTitle "CBM 202 Extra"]
[Source "ChessBase"]
[SourceDate "2021.07.31"]
[SourceVersion "1"]
[SourceVersionDate "2021.07.31"]
[SourceQuality "1"]

1. d4 f5 2. Nf3 Nf6 3. g3 e6 4. Bg2 d5 5. 0-0 Bd6 6. c4 c6 7. Qb3 0-0 8. Nbd2 Qe7 9. Ne1 Nbd7 10. Nd3 b6 11. a4 a5 12. Qc2 Ba6 13. b3 Rac8 14. Bb2 c5 15. dxc5 bxc5 16. Bc3 Bc7 17. e3 Ne4 18. Nxe4 dxe4 19. Nc1 Rfd8 20. Qb2 Rb8 21. Qc2 Ne5 22. Rb1 Nd3 23. Ne2 Rd7 24. f3 exf3 25. Bxf3 Nb4 26. Bxb4 axb4 27. Rfd1 Rbd8 28. Bc6 Rd6 29. Rxd6 Qxd6 30. Bb5 Bb7 31. Nf4 g5 32. Nh5 Qe5 33. Re1 Kf7 34. g4 Be4 35. Qf2 Kg6 36. Ng3 fxg4 37. Rf1 Bf3 38. h3 Qxg3+ 39. Qxg3 Bxg3 40. hxg4 Bxg4 41. Kg2 Be5 42. Bc6 Rd2+ 43. Kg1 Ra2 44. Be4+ Bf5 45. Bc6 h5 46. Rd1 h4 47. e4 Bg4 48. Be8+ Kf6 49. Rd7 Bf4 50. e5+ Kxe5 51. a5 h3 52. Rf7 h2+ 0-1

[Event "GER-ch Net blitz qual2"]
[Site "Playchess.com INT"]
[Date "2021.05.04"]
[Round "1"]
[White "Parvanyan, Alfred"]
[Black "Sato, Kai Nathan"]
[Result "1-0"]
[WhiteElo "1987"]
[BlackElo "1630"]
[PlyCount "33"]
[EventDate "2021.05.04"]
[EventType "swiss (blitz)"]
[EventRounds "11"]
[EventCountry "GER"]
[SourceTitle "CBM 202 Extra"]
[Source "ChessBase"]
[SourceDate "2021.07.31"]
[SourceVersion "1"]
[SourceVersionDate "2021.07.31"]
[SourceQuality "1"]

1. d4 d5 2. Nf3 Nc6 3. e3 Nf6 4. c4 Bf5 5. Nc3 e6 6. cxd5 Nxd5 7. Bd3 Nxc3 8. bxc3 Bg6 9. e4 Be7 10. 0-0 h6 11. Rb1 Na5 12. Ne5 Bd6 13. Nxg6 fxg6 14. e5 Be7 15. Bxg6+ Kf8 16. Qf3+ Kg8 17. Qf7# 1-0

[Event "GER-ch Net blitz qual2"]
[Site "Playchess.com INT"]
[Date "2021.05.04"]
[Round "3"]
[White "Svane, Frederik"]
[Black "Parvanyan, Alfred"]
[Result "1-0"]
[WhiteElo "2211"]
[BlackElo "1987"]
[PlyCount "91"]
[EventDate "2021.05.04"]
[EventType "swiss (blitz)"]
[EventRounds "11"]
[EventCountry "GER"]
[SourceTitle "CBM 202 Extra"]
[Source "ChessBase"]
[SourceDate "2021.07.31"]
[SourceVersion "1"]
[SourceVersionDate "2021.07.31"]
[SourceQuality "1"]

1. e4 d6 2. d4 Nf6 3. Bd3 e5 4. c3 Nbd7 5. Nf3 Be7 6. 0-0 0-0 7. Re1 c6 8. Nbd2 Qc7 9. Nf1 Re8 10. Ng3 Bf8 11. a4 a5 12. Be3 c5 13. d5 b6 14. Qe2 Bb7 15. Nd2 Nb8 16. Bb5 Rd8 17. Bg5 Be7 18. h4 Bc8 19. Nc4 Bg4 20. Qd3 h6 21. Bd2 Nh5 22. Ne3 Nf4 23. Qf1 Bc8 24. Ngf5 Bf6 25. Ng4 Be7 26. g3 Nh5 27. Qe2 Bxf5 28. exf5 Nf6 29. Nxf6+ Bxf6 30. Kg2 Nd7 31. Bc6 Rab8 32. Rh1 Nf8 33. g4 Qe7 34. g5 hxg5 35. hxg5 Bxg5 36. Qh5 f6 37. Qh8+ Kf7 38. Qh5+ Kg8 39. Bxg5 fxg5 40. Rh3 Qf6 41. Rah1 Qxf5 42. Qh8+ Kf7 43. Rf3 Qxf3+ 44. Kxf3 Ng6 45. Qh3 Rh8 46. Qe6+ 1-0

[Event "GER-ch Net blitz qual1"]
[Site "Playchess.com INT"]
[Date "2021.04.24"]
[Round "6"]
[White "Langrock, Hannes"]
[Black "Parvanyan, Alfred"]
[Result "1-0"]
[WhiteElo "2237"]
[BlackElo "1955"]
[PlyCount "61"]
[EventDate "2021.04.24"]
[EventType "swiss (blitz)"]
[EventRounds "11"]
[EventCountry "GER"]
[SourceTitle "CBM 202 Extra"]
[Source "ChessBase"]
[SourceDate "2021.07.31"]
[SourceVersion "1"]
[SourceVersionDate "2021.07.31"]
[SourceQuality "1"]

1. d4 Nf6 2. c4 c5 3. d5 b5 4. Qc2 bxc4 5. e4 d6 6. Bxc4 g6 7. Nc3 Bg7 8. Nf3 0-0 9. 0-0 a5 10. h3 Ba6 11. Nb5 Nbd7 12. a4 Ne8 13. Bf4 Nc7 14. Rfe1 Rb8 15. e5 Nxe5 16. Nxe5 dxe5 17. Bxe5 Bxe5 18. Rxe5 Nxb5 19. axb5 Bxb5 20. Rae1 Re8 21. h4 Bxc4 22. Qxc4 Qd6 23. Qc3 Rb4 24. h5 f6 25. Re6 Qxd5 26. hxg6 hxg6 27. Rxe7 Rxe7 28. Rxe7 Qd1+ 29. Re1 Qd4 30. Qg3 g5 31. Qc7 1-0

[Event "GER-ch Net blitz qual4"]
[Site "Playchess.com INT"]
[Date "2020.03.23"]
[Round "8"]
[White "Parvanyan, Alfred"]
[Black "Agrest, Inna"]
[Result "0-1"]
[WhiteElo "2122"]
[BlackElo "2260"]
[PlyCount "118"]
[EventDate "2020.03.23"]
[EventType "swiss (blitz)"]
[EventRounds "9"]
[EventCountry "GER"]
[SourceTitle "CBM 195 Extra"]
[Source "ChessBase"]
[SourceDate "2020.05.31"]
[SourceVersion "1"]
[SourceVersionDate "2020.05.31"]
[SourceQuality "1"]

1. Nf3 Nf6 2. c4 g6 3. Nc3 Bg7 4. e4 d6 5. d4 0-0 6. Be2 Na6 7. 0-0 e5 8. dxe5 dxe5 9. Qc2 c6 10. a3 Qe7 11. b4 Nc7 12. h3 Ne6 13. Be3 Nh5 14. Rfd1 Nhf4 15. Bf1 Bd7 16. Rab1 Rfd8 17. g3 Nh5 18. b5 Be8 19. a4 Nd4 20. Bxd4 exd4 21. Ne2 c5 22. Bg2 Nf6 23. Ne1 a6 24. Nd3 Nxe4 25. Ndf4 Nf6 26. bxa6 Rxa6 27. Rxb7 Qd6 28. Rb5 Bxb5 29. axb5 Ra3 30. Nc1 Rc3 31. Qe2 h5 32. Ncd3 Re8 33. Qa2 Kh7 34. Qa6 Qxa6 35. bxa6 Rxc4 36. a7 Ra4 37. a8Q Raxa8 38. Bxa8 Rxa8 39. Nxc5 Rd8 40. Nb3 Ne4 41. Kg2 Nc3 42. Rd3 Nb5 43. Nc5 Rc8 44. Nb3 Rc3 45. Rxc3 dxc3 46. Nd3 c2 47. Kf1 h4 48. Ke2 hxg3 49. fxg3 Nd4+ 50. Nxd4 Bxd4 51. Kd2 Bg1 52. Kxc2 Bh2 53. g4 Kh6 54. Ne5 Bxe5 55. Kd3 Kg5 56. Ke4 Bg3 57. Kf3 Kh4 58. Kg2 Bc7 59. Kf3 Kxh3 0-1

[Event "GER-ch Net blitz qual4"]
[Site "Playchess.com INT"]
[Date "2020.03.23"]
[Round "5"]
[White "Reichmann, Hendrik"]
[Black "Parvanyan, Alfred"]
[Result "1-0"]
[WhiteElo "2344"]
[BlackElo "2122"]
[PlyCount "77"]
[EventDate "2020.03.23"]
[EventType "swiss (blitz)"]
[EventRounds "9"]
[EventCountry "GER"]
[SourceTitle "CBM 195 Extra"]
[Source "ChessBase"]
[SourceDate "2020.05.31"]
[SourceVersion "1"]
[SourceVersionDate "2020.05.31"]
[SourceQuality "1"]

1. c4 e5 2. g3 Nc6 3. Bg2 f5 4. Nc3 Nf6 5. d3 d6 6. e3 g6 7. Nge2 Bg7 8. Rb1 a5 9. a3 0-0 10. b4 axb4 11. axb4 Rb8 12. b5 Ne7 13. Qb3 Be6 14. Nd5 Nexd5 15. cxd5 Bf7 16. 0-0 Qd7 17. Nc3 h5 18. Ba3 Kh7 19. Rfc1 f4 20. Ne4 Nxe4 21. Bxe4 fxe3 22. fxe3 Bh6 23. Re1 Be8 24. Qd1 Kg7 25. b6 c6 26. d4 Qf7 27. Bxd6 cxd5 28. Bg2 Qf2+ 29. Kh1 Rf6 30. Bxb8 exd4 31. Be5 Bxe3 32. Rf1 Qa2 33. Bxf6+ Kh6 34. Bxd4 Bxd4 35. Qxd4 Ba4 36. Qh8+ Kg5 37. Qd8+ Kh6 38. Qf8+ Kg5 39. Qf4# 1-0

[Event "GER-ch Net blitz qual3"]
[Site "Playchess.com INT"]
[Date "2020.03.21"]
[Round "8"]
[White "Arnold, Max"]
[Black "Parvanyan, Alfred"]
[Result "0-1"]
[WhiteElo "2283"]
[BlackElo "2122"]
[PlyCount "84"]
[EventDate "2020.03.21"]
[EventType "swiss (blitz)"]
[EventRounds "9"]
[EventCountry "GER"]
[SourceTitle "CBM 195 Extra"]
[Source "ChessBase"]
[SourceDate "2020.05.31"]
[SourceVersion "1"]
[SourceVersionDate "2020.05.31"]
[SourceQuality "1"]

1. e4 d6 2. d4 Nf6 3. Nc3 g6 4. f4 Bg7 5. Nf3 0-0 6. Be3 c5 7. dxc5 Qa5 8. Qd2 dxc5 9. e5 Rd8 10. Bd3 Ng4 11. Qe2 Nxe3 12. Qxe3 Nc6 13. 0-0-0 Nd4 14. Kb1 Bg4 15. Be4 Rab8 16. h3 Bxf3 17. Bxf3 b5 18. Ne4 Qc7 19. h4 Rbc8 20. h5 Nf5 21. Qf2 Rxd1+ 22. Rxd1 Nd4 23. hxg6 hxg6 24. c3 Ne6 25. g3 b4 26. cxb4 cxb4 27. Bg4 Rd8 28. Rc1 Qb7 29. Nc5 Nxc5 30. Qxc5 Qe4+ 31. Ka1 e6 32. Qe7 Rd2 33. Bxe6 fxe6 34. Rc8+ Kh7 35. Qh4+ Bh6 36. Rc7+ Kg8 37. Rc8+ Bf8 38. Rxf8+ Kxf8 39. Qf6+ Ke8 40. Qxe6+ Kd8 41. Qg8+ Kc7 42. Qf7+ Rd7 0-1

[Event "GER-ch Net blitz qual3"]
[Site "Playchess.com INT"]
[Date "2020.03.21"]
[Round "9"]
[White "Parvanyan, Alfred"]
[Black "Zwahr, Paul"]
[Result "0-1"]
[WhiteElo "2122"]
[BlackElo "2278"]
[PlyCount "130"]
[EventDate "2020.03.21"]
[EventType "swiss (blitz)"]
[EventRounds "9"]
[EventCountry "GER"]
[SourceTitle "CBM 195 Extra"]
[Source "ChessBase"]
[SourceDate "2020.05.31"]
[SourceVersion "1"]
[SourceVersionDate "2020.05.31"]
[SourceQuality "1"]

1. c4 Nf6 2. g3 g6 3. Bg2 Bg7 4. e4 d6 5. Ne2 0-0 6. d4 c5 7. Nbc3 Nc6 8. 0-0 cxd4 9. Nxd4 Nxd4 10. Qxd4 Be6 11. Qd3 Qa5 12. Nd5 Bxd5 13. exd5 Nd7 14. Bd2 Qc7 15. Bc3 Ne5 16. Bxe5 Bxe5 17. Rab1 Qa5 18. f4 Bf6 19. a3 Qc5+ 20. Kh1 Rac8 21. Rfc1 b5 22. b4 bxc4 23. bxc5 cxd3 24. c6 e6 25. Rd1 exd5 26. Bxd5 Rc7 27. Rxd3 Re8 28. Rb7 Ree7 29. Rdb3 Bd4 30. Rxc7 Rxc7 31. Rb7 Bb6 32. Kg2 Kf8 33. a4 f6 34. a5 Bxa5 35. Rb8+ Kg7 36. Re8 Bb6 37. Rg8+ Kh6 38. Rb8 g5 39. f5 g4 40. h3 Kg5 41. hxg4 Kxg4 42. Be4 Re7 43. Rg8+ Kh5 44. g4+ Kh4 45. Bf3 a5 46. Rb8 Bc7 47. Rb7 Kg5 48. Ra7 Kf4 49. Rb7 Ke5 50. Rb5+ Kd4 51. Rb7 Kc4 52. Kg3 d5+ 53. Kh4 d4 54. Kh5 d3 55. Rb1 Kc3 56. Bd1 Kd2 57. Ba4 Re4 58. Bb5 Kc2 59. Rf1 d2 60. g5 fxg5 61. f6 Re1 62. f7 Rxf1 63. Bxf1 d1Q+ 64. Kxg5 Qxf1 65. f8Q Qxf8 0-1